000 004570000a22001690004500
003 MACL
005 20151028152228.0
008 151028b xxu||||| |||| 00| 0 eng d
040 _aMACL
_cMACL
041 _aEnglish
082 _a352.63/VAI
100 _aVaidya, Sudhir
_917209
245 _aNational Rural Employment Guarantee Act (NREGA)
_bWith Schemes and Guidelines
260 _bArise Publishers
_c2011
_aNew Delhi
350 _a795
942 _cBK
_2ddc
999 _c45749
_d45749